000 01446cam a2200265 a 4500
999 _c58104
_d58104
001 16685270
005 20210615143321.0
008 110309s2009 txua bf 000 0 eng d
020 _a9781932565577
080 _a376.3 W-14
100 1 _aWagner, Sheila.
_912055
245 1 0 _aInclusive programming :
_bfor high school students with autism or Asperger's syndrome /
_cSheila Wagner.
264 _aArlington, TX :
_bFuture Horizons, Inc.,
_c2009.
300 _a392 p. :
_bill. ;
_c28 cm.
653 _aინკლუზიური პროგრამირება
653 _aИнклюзивное программирование
653 _aასპერგერის სინდრომი მოზარდობაში
653 _aСиндром Аспергера в подростковом возрасте
653 _aაუტიზმის სპექტრის დარღვევების მქონე ახალგაზრდები
653 _aМолодежь с расстройствами аутистического спектра
856 4 2 _3Contributor biographical information
_uhttp://www.loc.gov/catdir/enhancements/fy1205/2011280869-b.html
856 4 2 _3Publisher description
_uhttp://www.loc.gov/catdir/enhancements/fy1205/2011280869-d.html
856 4 1 _3Table of contents only
_uhttp://www.loc.gov/catdir/enhancements/fy1205/2011280869-t.html
942 _2udc
_cBK